Welcome to the Holygrace Academy Library

Please use search bar below to get started

TEENAGE MUTANT NINJA TURTLES (Record no. 3317)

MARC details
000 -LEADER
fixed length control field 00306nam a22001337a 4500
020 ## - INTERNATIONAL STANDARD BOOK NUMBER
ISBN 0-440-40322-7
082 ## - DEWEY DECIMAL CLASSIFICATION NUMBER
Classification number 823
Item number HIL/T
100 ## - MAIN ENTRY--AUTHOR NAME
Personal name HILLER, B B
245 ## - TITLE STATEMENT
Title TEENAGE MUTANT NINJA TURTLES
260 ## - PUBLICATION, DISTRIBUTION, ETC. (IMPRINT)
Place of publication NEW YORK
Name of publisher DELL PUBLISHING
Year of publication 1990
300 ## - PHYSICAL DESCRIPTION
Number of Pages 92
650 ## - SUBJECT ADDED ENTRY--TOPICAL TERM
Topical Term NOVEL
Geographic subdivision UNITED STATES
942 ## - ADDED ENTRY ELEMENTS (KOHA)
Koha item type Books
Holdings
Withdrawn status Lost status Collection code Home library Current library Shelving location Date acquired Source of acquisition Full call number Accession Number Koha item type
    Fiction Main Library Main Library SHELF-14F- ALPHABETICAL H,I --ENGLISH NOVELS & FICTIONS 10/10/2012 purchase 823 HIL/T 07107 Books